[Event "BL 1617 SP Schwegenheim - Bayern Münch"]
[Site "?"]
[Date "2016.10.16"]
[Round "2.7"]
[White "Reich, Thomas"]
[Black "Csonka, Attila Istvan"]
[Result "1/2-1/2"]
[WhiteElo "2352"]
[BlackElo "2316"]
[PlyCount "60"]
[EventDate "2016.??.??"]

1. d4 Nf6 2. Nf3 e6 3. Bf4 d5 4. e3 c5 5. c3 Nc6 6. Nbd2 Bd6 7. Bg3 O-O 8. Bd3
b6 9. Ne5 Bb7 10. Qe2 Qc7 11. Nxc6 Bxc6 12. Bb5 Bxb5 13. Qxb5 e5 14. dxe5 Bxe5
15. Nf3 Bxg3 16. hxg3 Rfd8 17. a4 c4 18. a5 bxa5 19. Qxa5 Qxa5 20. Rxa5 Rab8
21. Ra2 Rb7 22. Ke2 Rdb8 23. Rb1 Ne4 24. Nd2 Nxc3+ 25. bxc3 Rxb1 26. Nxb1 Rxb1
27. e4 dxe4 28. Rxa7 f5 29. Rc7 Rb2+ 30. Ke3 Rc2 1/2-1/2

[Event "BL 1617 SP Schwegenheim - Bayern Münch"]
[Site "?"]
[Date "2016.10.16"]
[Round "2.8"]
[White "Flierl, Pascal"]
[Black "Meister, Peter"]
[Result "0-1"]
[WhiteElo "2230"]
[BlackElo "2359"]
[PlyCount "104"]
[EventDate "2016.??.??"]

1. e4 g6 2. Nc3 Bg7 3. f4 d6 4. Nf3 c5 5. d4 cxd4 6. Nxd4 a6 7. Be3 Nf6 8. Be2
Nbd7 9. Nb3 Qc7 10. O-O b5 11. Bf3 Bb7 12. a3 O-O 13. Qe1 Rac8 14. Qf2 Qb8 15.
g4 Qa8 16. Qg2 Rxc3 17. bxc3 Bxe4 18. Bd4 e5 19. Be3 Bxf3 20. Rxf3 Nd5 21. Rd1
exf4 22. Bxf4 Nxf4 23. Rxf4 Qxg2+ 24. Kxg2 Bxc3 25. Rf2 Be5 26. Na5 Nc5 27. Nc6
Ne4 28. Rf3 Ng5 29. Nxe5 dxe5 30. Re3 Rc8 31. c3 Rc4 32. h3 Ne6 33. Rd7 Ra4 34.
Rxe5 Rxa3 35. Ra7 Rxc3 36. Rxa6 b4 37. Rb5 b3 38. Rab6 Nf4+ 39. Kf1 Rf3+ 40.
Ke1 Rxh3 41. Rxb3 Rh4 42. Rg3 g5 43. Rb5 h6 44. Rb7 Kg7 45. Kf2 Rh2+ 46. Kf3
Nd3 47. Rg1 Ne5+ 48. Ke4 Re2+ 49. Kd5 Kg6 50. Rb4 f6 51. Re4 Rxe4 52. Kxe4 Nxg4
0-1

[Event "BL 1617 Schachfr. Berlin - SV Mülheim "]
[Site "?"]
[Date "2016.10.16"]
[Round "2.1"]
[White "Navara, David"]
[Black "Piorun, Kacper"]
[Result "1-0"]
[WhiteElo "2737"]
[BlackElo "2665"]
[PlyCount "79"]
[EventDate "2016.??.??"]

1. c4 e5 2. g3 g6 3. d4 d6 4. Nc3 Bg7 5. Nf3 exd4 6. Nxd4 Ne7 7. Bg2 Nbc6 8.
Nxc6 Nxc6 9. Bf4 Be6 10. Rc1 Bxc4 11. Qa4 Be6 12. Bxc6+ bxc6 13. Qxc6+ Bd7 14.
Qe4+ Kf8 15. O-O h6 16. Nd5 Bf5 17. Qa4 g5 18. Be3 c5 19. Rxc5 Bd7 20. Qe4 f5
21. Qc4 dxc5 22. Bxc5+ Ke8 23. Rd1 Rc8 24. Rd3 Rc6 25. b4 Re6 26. Bxa7 Be5 27.
Bc5 Qb8 28. Ra3 Qb5 29. Qc2 Bb8 30. Qxf5 Qxe2 31. Nf6+ Rxf6 32. Qxf6 Qe1+ 33.
Kg2 Qe4+ 34. f3 Qe2+ 35. Bf2 Bh3+ 36. Kxh3 Qf1+ 37. Kg4 h5+ 38. Kxg5 Rg8+ 39.
Kh6 Qxf2 40. Kh7 1-0

[Event "BL 1617 Schachfr. Berlin - SV Mülheim "]
[Site "?"]
[Date "2016.10.16"]
[Round "2.2"]
[White "Kraemer, Martin"]
[Black "Tregubov, Pavel V"]
[Result "1/2-1/2"]
[WhiteElo "2570"]
[BlackElo "2586"]
[PlyCount "62"]
[EventDate "2016.??.??"]

1. d4 Nf6 2. c4 e6 3. Nf3 Bb4+ 4. Bd2 Qe7 5. Nc3 Bxc3 6. Bxc3 Ne4 7. Rc1 O-O 8.
e3 Nxc3 9. Rxc3 d6 10. Be2 e5 11. O-O a5 12. c5 Nc6 13. cxd6 cxd6 14. d5 Nb4
15. a3 Na6 16. Bxa6 Rxa6 17. Qb3 Qd8 18. Rfc1 Rb6 19. Qc2 Bd7 20. Nd2 Rb5 21.
Qd3 Rxb2 22. Nc4 Bb5 23. Rb3 Rxb3 24. Qxb3 Bxc4 25. Rxc4 Qd7 26. Qb6 Rc8 27.
Rxc8+ Qxc8 28. g3 Qd7 29. Qxa5 g6 30. Qb6 h5 31. h4 Kf8 1/2-1/2

[Event "BL 1617 Schachfr. Berlin - SV Mülheim "]
[Site "?"]
[Date "2016.10.16"]
[Round "2.3"]
[White "Fridman, Daniel"]
[Black "Mista, Aleksander"]
[Result "1/2-1/2"]
[WhiteElo "2597"]
[BlackElo "2588"]
[PlyCount "69"]
[EventDate "2016.??.??"]

1. Nf3 g6 2. e4 Bg7 3. d4 d6 4. Bc4 Nf6 5. e5 dxe5 6. Nxe5 O-O 7. O-O Nbd7 8.
c3 c5 9. h3 cxd4 10. cxd4 Nb6 11. Bb3 Nbd5 12. Nc3 Be6 13. Bg5 Nc7 14. Re1 Bd5
15. Nxd5 Nfxd5 16. Bh4 Bf6 17. Bg3 e6 18. Ng4 Bg7 19. Be5 h5 20. Nh2 Ne7 21.
Nf3 Nc6 22. Qd2 Nxe5 23. dxe5 Qxd2 24. Nxd2 Rfd8 25. Nf3 Na6 26. Rac1 Bh6 27.
Rcd1 Nb4 28. Nd4 Nc6 29. Nxc6 bxc6 30. Rd6 Rxd6 31. exd6 Rd8 32. Rd1 Rd7 33.
Ba4 Bf8 34. Bxc6 Rxd6 35. Rxd6 1/2-1/2

[Event "BL 1617 Schachfr. Berlin - SV Mülheim "]
[Site "?"]
[Date "2016.10.16"]
[Round "2.4"]
[White "Schreiner, Peter"]
[Black "Landa, Konstantin"]
[Result "1/2-1/2"]
[WhiteElo "2463"]
[BlackElo "2601"]
[PlyCount "99"]
[EventDate "2016.??.??"]

1. Nf3 d5 2. g3 g6 3. c4 dxc4 4. Na3 Bg7 5. Nxc4 Nc6 6. Bg2 e5 7. O-O Nge7 8.
d3 O-O 9. Bd2 Be6 10. Rc1 a5 11. Bc3 f6 12. b3 Nd5 13. Bb2 Qd7 14. a3 Bh3 15.
e4 Bxg2 16. Kxg2 Nde7 17. d4 exd4 18. Nxd4 Nxd4 19. Qxd4 Qxd4 20. Bxd4 Rfd8 21.
Rfd1 Kf7 22. Bc3 b6 23. Ne3 h5 24. Bb2 Rxd1 25. Rxd1 Ke6 26. f4 Bf8 27. Kf3 f5
28. Rc1 Rc8 29. exf5+ Nxf5 30. Nc4 Bd6 31. h3 Rd8 32. Re1+ Kf7 33. Rd1 Ke6 34.
g4 hxg4+ 35. hxg4 Ne7 36. Re1+ Kf7 37. Rd1 Ke6 38. Re1+ Kf7 39. Rh1 b5 40. Nxa5
Bc5 41. Ke2 Re8 42. Rh7+ Ke6 43. Rh6 Kd5 44. Kd3 Bd6 45. Bc1 Rf8 46. Rh7 Ke6
47. Nb7 Bxf4 48. Nc5+ Kd6 49. Ne4+ Ke6 50. Nc5+ 1/2-1/2

[Event "BL 1617 Schachfr. Berlin - SV Mülheim "]
[Site "?"]
[Date "2016.10.16"]
[Round "2.5"]
[White "Berelowitsch, Alexander"]
[Black "Lauber, Arnd"]
[Result "1-0"]
[WhiteElo "2528"]
[BlackElo "2434"]
[PlyCount "101"]
[EventDate "2016.??.??"]

1. e4 e6 2. d4 d5 3. Nc3 Nf6 4. e5 Nfd7 5. Nce2 c5 6. c3 Nc6 7. Nf3 Be7 8. a3
a5 9. Nf4 cxd4 10. cxd4 a4 11. h4 b5 12. Bd3 b4 13. O-O bxa3 14. bxa3 Ba6 15.
Ng5 Bxd3 16. Qxd3 Bxg5 17. hxg5 Qb6 18. Be3 Na5 19. Rab1 Nb3 20. g3 Qa6 21. Qd1
g6 22. Kg2 Nb6 23. Bd2 Nxd2 24. Qxd2 Nc4 25. Qc3 Qa5 26. Rb4 O-O 27. g4 Qd8 28.
Nh3 Rc8 29. Qd3 Rb8 30. Rfb1 Qc7 31. Ng1 Rxb4 32. Rxb4 Rb8 33. Qc3 Rxb4 34.
Qxb4 Qb6 35. Qe7 Qb8 36. Qd7 Qa8 37. Ne2 Nxa3 38. Nc3 Nc2 39. Nxa4 Nxd4 40. Nb6
Qb8 41. Nc8 Qxe5 42. Qd8+ Kg7 43. Nd6 Nc6 44. Qc7 h5 45. Qxf7+ Kh8 46. Qf8+ Kh7
47. Qh6+ Kg8 48. Qxg6+ Qg7 49. Qxe6+ Kh7 50. Qf5+ Kh8 51. Qc8+ 1-0

[Event "BL 1617 Schachfr. Berlin - SV Mülheim "]
[Site "?"]
[Date "2016.10.16"]
[Round "2.6"]
[White "Baldauf, Marco"]
[Black "Levin, Felix"]
[Result "1/2-1/2"]
[WhiteElo "2431"]
[BlackElo "2528"]
[PlyCount "44"]
[EventDate "2016.??.??"]

1. d4 d5 2. c4 e6 3. Nc3 Nf6 4. cxd5 Nxd5 5. e4 Nxc3 6. bxc3 c5 7. Nf3 cxd4 8.
cxd4 Bb4+ 9. Bd2 Bxd2+ 10. Qxd2 O-O 11. Rc1 b6 12. Bd3 Bb7 13. O-O Nd7 14. Bb1
h6 15. Qd3 Re8 16. Rfe1 Rc8 17. Nd2 Qg5 18. Nb3 Red8 19. Qg3 Qxg3 20. hxg3 Kf8
21. f3 Rxc1 22. Rxc1 Rc8 1/2-1/2

[Event "BL 1617 Schachfr. Berlin - SV Mülheim "]
[Site "?"]
[Date "2016.10.16"]
[Round "2.7"]
[White "Saltaev, Mihail"]
[Black "Agopov, Mikael"]
[Result "1/2-1/2"]
[WhiteElo "2477"]
[BlackElo "2433"]
[PlyCount "45"]
[EventDate "2016.??.??"]

1. e4 c5 2. Ne2 d6 3. g3 Nc6 4. Bg2 g6 5. c3 e5 6. d4 exd4 7. cxd4 Bg7 8. dxc5
dxc5 9. Qxd8+ Nxd8 10. Nbc3 Bd7 11. Nd5 Rc8 12. Nec3 Ne6 13. O-O Nf6 14. Bh6
Nxd5 15. Bxg7 Nxg7 16. Nxd5 Ne6 17. Rfd1 Bc6 18. Rac1 b6 19. f4 Nd4 20. Kf2
Bxd5 21. Rxd4 Be6 22. Rd2 Ke7 23. Rcd1 1/2-1/2

[Event "BL 1617 Schachfr. Berlin - SV Mülheim "]
[Site "?"]
[Date "2016.10.16"]
[Round "2.8"]
[White "Thiede, Lars"]
[Black "Dinstuhl, Volkmar"]
[Result "1-0"]
[WhiteElo "2420"]
[BlackElo "2409"]
[PlyCount "111"]
[EventDate "2016.??.??"]

1. g3 e5 2. Bg2 d5 3. d3 Nf6 4. Nf3 Bd6 5. Nc3 c6 6. e4 dxe4 7. Nxe4 Nxe4 8.
dxe4 O-O 9. O-O Qe7 10. b3 a5 11. a3 Nd7 12. Bb2 a4 13. b4 b5 14. Nd2 Nb6 15.
Re1 c5 16. c3 Bd7 17. Bf1 Rac8 18. Bd3 Rfd8 19. Qe2 Qe8 20. Rac1 Bf8 21. Nf1
Bg4 22. f3 c4 23. Bc2 Be6 24. Rcd1 Rxd1 25. Rxd1 Rd8 26. Bc1 Rxd1 27. Qxd1 Qd7
28. Qe2 Bd6 29. Be3 Qc6 30. f4 f6 31. f5 Bf7 32. g4 h6 33. h4 Be7 34. Nd2 Nd7
35. Nf3 Bd8 36. Kg2 Qd6 37. Qe1 Be7 38. Qg3 Kf8 39. g5 hxg5 40. hxg5 Ke8 41. g6
Bg8 42. Qh3 Bd8 43. Qh8 Qf8 44. Nh2 Bb6 45. Bc1 Kd8 46. Ng4 Kc7 47. Kf1 Ba7 48.
Ke2 Kd6 49. Bd2 Kc7 50. Kd1 Nb6 51. Kc1 Nc8 52. Kb2 Bb6 53. Bh6 gxh6 54. Nxf6
Ne7 55. Nxg8 Nxg8 56. f6 1-0

[Event "BL 1617 SK König Tegel - SG Solingen"]
[Site "?"]
[Date "2016.10.16"]
[Round "2.1"]
[White "Harikrishna, Pentala"]
[Black "Stern, Rene"]
[Result "1-0"]
[WhiteElo "2762"]
[BlackElo "2521"]
[PlyCount "123"]
[EventDate "2016.??.??"]

1. e4 e5 2. Nf3 Nc6 3. Bb5 Nf6 4. d3 d6 5. O-O Be7 6. Re1 O-O 7. c3 Bg4 8. Nbd2
Nd7 9. h3 Bh5 10. Nf1 a6 11. Ba4 Nc5 12. Bc2 Ne6 13. Ng3 Bxf3 14. Qxf3 Bg5 15.
Rd1 g6 16. Ne2 Bxc1 17. Raxc1 Qg5 18. Rb1 Ng7 19. Qe3 Qxe3 20. fxe3 Nh5 21. b4
Nf6 22. Bb3 Kg7 23. Rf1 Nd7 24. a4 a5 25. b5 Nd8 26. d4 Ne6 27. Ng3 Rae8 28.
Rf2 h5 29. h4 Nf6 30. Rbf1 Ng4 31. Rf3 f6 32. Re1 Nd8 33. Rff1 Nf7 34. Re2 b6
35. Rc1 Re7 36. Bd5 Nfh6 37. c4 f5 38. c5 f4 39. cxd6 cxd6 40. Nf1 exd4 41.
exf4 Rxf4 42. Rd2 Ne5 43. Rxd4 Nf5 44. Rd2 Nxh4 45. Kh1 Rf8 46. Ne3 Nd7 47. Rc7
Rfe8 48. Nc4 Nf6 49. Rxe7+ Rxe7 50. Nxb6 Nxe4 51. Nc8 Re5 52. Bxe4 Rxe4 53. Rb2
Nf5 54. b6 Nd4 55. Nxd6 Re6 56. Nc4 Nc6 57. Rb5 Nb8 58. Rxa5 Rc6 59. Ra7+ Kf6
60. Rc7 Ke6 61. a5 Kd5 62. Ne5 1-0

[Event "BL 1617 SK König Tegel - SG Solingen"]
[Site "?"]
[Date "2016.10.16"]
[Round "2.2"]
[White "Rabiega, Robert"]
[Black "Rapport, Richard"]
[Result "1-0"]
[WhiteElo "2498"]
[BlackElo "2729"]
[PlyCount "77"]
[EventDate "2016.??.??"]

1. e4 e5 2. Nf3 Nc6 3. Bc4 Nf6 4. d3 h6 5. O-O d6 6. c3 g5 7. d4 g4 8. Ne1 exd4
9. cxd4 Nxe4 10. Nc3 Nxc3 11. bxc3 h5 12. Nd3 Qf6 13. Bb5 Bd7 14. Re1+ Kd8 15.
Nf4 Bh6 16. Nd5 Qf5 17. Bxh6 Rxh6 18. Qd2 Re6 19. c4 Ne7 20. Nxe7 Kxe7 21. d5
Re5 22. Rxe5+ dxe5 23. Qb4+ Kf6 24. Bxd7 Qxd7 25. Qxb7 Rh8 26. Qxa7 h4 27. Qe3
Qf5 28. Rf1 e4 29. Re1 Ra8 30. Qh6+ Ke5 31. Qxh4 Rxa2 32. Qe7+ Kd4 33. Rd1+ Kc3
34. Qc5 Qf4 35. g3 Qf3 36. Qd4+ Kb3 37. Re1 Rc2 38. Rb1+ Ka2 39. Qa1# 1-0

[Event "BL 1617 SK König Tegel - SG Solingen"]
[Site "?"]
[Date "2016.10.16"]
[Round "2.3"]
[White "Ragger, Markus"]
[Black "Richter, Michael"]
[Result "1-0"]
[WhiteElo "2700"]
[BlackElo "2505"]
[PlyCount "47"]
[EventDate "2016.??.??"]

1. d4 e6 2. c4 f5 3. g3 Nf6 4. Bg2 c6 5. Nf3 d5 6. Bf4 Be7 7. O-O O-O 8. Qc2 b6
9. cxd5 Nxd5 10. Bxb8 Rxb8 11. Qxc6 Bd7 12. Qc2 Rc8 13. Qb3 Qe8 14. a4 b5 15.
axb5 Bxb5 16. Ne5 Bxe2 17. Bxd5 exd5 18. Qxd5+ Kh8 19. Re1 Bh5 20. Rxa7 Bf6 21.
Nc3 f4 22. Nd3 Qc6 23. Qxh5 Bxd4 24. Rf7 1-0

[Event "BL 1617 SK König Tegel - SG Solingen"]
[Site "?"]
[Date "2016.10.16"]
[Round "2.4"]
[White "Moreno Tejera, Emilio"]
[Black "Smeets, Jan"]
[Result "1/2-1/2"]
[WhiteElo "2444"]
[BlackElo "2598"]
[PlyCount "225"]
[EventDate "2016.??.??"]

1. e4 c5 2. Nc3 e6 3. Nf3 a6 4. d4 cxd4 5. Nxd4 Qc7 6. g3 Bb4 7. Nde2 Nf6 8.
Bg2 Be7 9. O-O Nc6 10. a4 Rb8 11. Nd4 d6 12. Be3 O-O 13. Qe2 Re8 14. Rad1 Bd7
15. Nb3 Ne5 16. Nd4 Rec8 17. Bc1 Qa5 18. Nb3 Qc7 19. Nd4 Nc6 20. Nb3 Na7 21. g4
b5 22. g5 Ne8 23. axb5 axb5 24. Qh5 b4 25. Ne2 g6 26. Qh4 Qxc2 27. Nbd4 Qc7 28.
f4 Ng7 29. f5 exf5 30. exf5 gxf5 31. Nf4 Qd8 32. Nd5 Rxc1 33. Nxe7+ Qxe7 34.
Rxc1 Nb5 35. Rfe1 Qd8 36. Nxb5 Rxb5 37. Qd4 Be6 38. h4 Qb6 39. Red1 h6 40. gxh6
Ne8 41. Bc6 Qxd4+ 42. Rxd4 Rb8 43. Bxe8 Rxe8 44. Rxb4 Kh7 45. Rd4 Bb3 46. Rc3
Rb8 47. Rxd6 Be6 48. Rc7 Ba2 49. Rc2 Be6 50. Rg2 Kxh6 51. Rd4 Rb3 52. Kh2 Kh7
53. Kg1 Kh6 54. Kf1 Kh7 55. Ke1 Bc8 56. Rf2 Kg7 57. Kd1 Rh3 58. b4 Kf6 59. Kd2
Ke5 60. Rdf4 Be6 61. R2f3 Rh1 62. Rf1 Rh3 63. R1f3 Rh1 64. Kc3 Rb1 65. Kc2 Ra1
66. Kb2 Ra2+ 67. Kb1 Ra4 68. h5 Bd5 69. Rxf5+ Kd4 70. R3f4+ Be4+ 71. Kb2 Rxb4+
72. Ka3 Rb8 73. Rxf7 Ra8+ 74. Kb4 Rb8+ 75. Ka5 Kc5 76. Rf8 Rb5+ 77. Ka4 Bc2+
78. Ka3 Kd6 79. h6 Rh5 80. R4f6+ Ke5 81. Rf2 Bh7 82. Re2+ Kd4 83. Rd8+ Kc3 84.
Re3+ Kc4 85. Rd6 Kc5 86. Ra6 Rh2 87. Rc3+ Kd4 88. Kb4 Rb2+ 89. Rb3 Rh2 90. Rb6
Be4 91. Ka5 Ra2+ 92. Kb5 Rh2 93. Rb4+ Kd5 94. Rc6 Bh7 95. Rc5+ Ke6 96. Kc4 Rh4+
97. Kc3 Rxb4 98. Kxb4 Kf6 99. Rh5 Kg6 100. Rh2 Bg8 101. Kc5 Kh7 102. Kd6 Bb3
103. Ke7 Bc4 104. Kf6 Bd3 105. Rg2 Be4 106. Rg7+ Kh8 107. Re7 Bd3 108. h7 Bxh7
109. Re8+ Bg8 110. Rd8 Kh7 111. Rd4 Bb3 112. Rb4 Ba2 113. Rb7+ 1/2-1/2

[Event "BL 1617 SK König Tegel - SG Solingen"]
[Site "?"]
[Date "2016.10.16"]
[Round "2.5"]
[White "L'Ami, Erwin"]
[Black "Bruedigam, Martin"]
[Result "1/2-1/2"]
[WhiteElo "2605"]
[BlackElo "2408"]
[PlyCount "89"]
[EventDate "2016.??.??"]

1. e4 e5 2. Nf3 Nc6 3. Bb5 a6 4. Ba4 Nf6 5. O-O Be7 6. Re1 b5 7. Bb3 d6 8. c3
O-O 9. h3 Na5 10. Bc2 c5 11. d4 Qc7 12. Nbd2 Nc6 13. d5 Nd8 14. a4 Rb8 15. axb5
axb5 16. c4 b4 17. Nf1 Ne8 18. Ne3 g6 19. Ng4 f6 20. Nh6+ Kh8 21. Nh2 Ng7 22.
f4 exf4 23. Bxf4 Qb7 24. g4 Ra8 25. Qd3 Rxa1 26. Rxa1 Bd7 27. Qg3 Ne8 28. h4
Nf7 29. Nxf7+ Rxf7 30. b3 Bf8 31. Bc1 Bc8 32. Bb2 Bg7 33. Kh1 Kg8 34. Qd3 Qe7
35. h5 f5 36. Bxg7 fxe4 37. Qxe4 Qxe4+ 38. Bxe4 Kxg7 39. hxg6 hxg6 40. Kg2 Re7
41. Bf3 Kf6 42. Kf2 Bd7 43. Ra7 Ke5 44. Ke3 Kf6+ 45. Kf2 1/2-1/2

[Event "BL 1617 SK König Tegel - SG Solingen"]
[Site "?"]
[Date "2016.10.16"]
[Round "2.6"]
[White "Fruebing, Stefan"]
[Black "Nikolic, Predrag"]
[Result "0-1"]
[WhiteElo "2381"]
[BlackElo "2622"]
[PlyCount "104"]
[EventDate "2016.??.??"]

1. e4 e5 2. Nf3 Nc6 3. Bc4 Nf6 4. d3 Be7 5. O-O O-O 6. Re1 d6 7. a4 Na5 8. Ba2
c5 9. Nc3 Nc6 10. Nd5 Be6 11. c3 Re8 12. h3 h6 13. Nxe7+ Qxe7 14. Bxe6 Qxe6 15.
Nh4 d5 16. Qf3 Rad8 17. Nf5 Ne7 18. Nxe7+ Rxe7 19. Be3 Rc7 20. exd5 Nxd5 21. d4
e4 22. Qg3 c4 23. f3 f5 24. fxe4 fxe4 25. Bf4 Rf7 26. Be5 e3 27. Rf1 Rdf8 28.
Rf3 a5 29. Raf1 Kh7 30. Rxf7 Rxf7 31. Rxf7 Qxf7 32. Qg4 Qg6 33. Qxg6+ Kxg6 34.
g4 Nb6 35. Bc7 Nxa4 36. Bxa5 Kg5 37. d5 Kf4 38. Kg2 Ke5 39. Kf3 Kxd5 40. Bb4 g6
41. Kxe3 Nxb2 42. Bf8 Nd1+ 43. Kd2 Nf2 44. Ke3 Nxh3 45. Bxh6 g5 46. Kf3 b5 47.
Ke3 Ke5 48. Bg7+ Ke6 49. Kd4 Nf2 50. Kc5 Nxg4 51. Kxb5 Kd5 52. Bd4 Nh2 0-1

[Event "BL 1617 SK König Tegel - SG Solingen"]
[Site "?"]
[Date "2016.10.16"]
[Round "2.7"]
[White "Naumann, Alexander"]
[Black "Sarbok, Torsten"]
[Result "1-0"]
[WhiteElo "2561"]
[BlackElo "2328"]
[PlyCount "85"]
[EventDate "2016.??.??"]

1. e4 c6 2. d4 d5 3. e5 Bf5 4. Nf3 e6 5. Be2 h6 6. O-O Nd7 7. Nbd2 g5 8. Ne1
Qb6 9. Nb3 Bg6 10. a4 Ne7 11. a5 Qc7 12. f4 gxf4 13. Bxf4 h5 14. Bg5 Nf5 15.
Nf3 Be7 16. Bxe7 Kxe7 17. Qd2 Rag8 18. Bd3 h4 19. Nc1 Ke8 20. Ne2 Nf8 21. Nf4
Ne7 22. Nxg6 fxg6 23. Ng5 Nf5 24. c4 Qe7 25. cxd5 exd5 26. Bxf5 gxf5 27. Rxf5
Rg7 28. Raf1 Rhg8 29. Nf7 Ne6 30. Nd6+ Kd8 31. R1f2 Ng5 32. Rxg5 Rxg5 33. Nf7+
Ke8 34. Nxg5 Qxg5 35. Qxg5 Rxg5 36. Rf4 h3 37. g4 c5 38. dxc5 Rxe5 39. Kf2 d4
40. Rxd4 Rxc5 41. Kg3 Rxa5 42. Kxh3 Rb5 43. b4 1-0

[Event "BL 1617 SK König Tegel - SG Solingen"]
[Site "?"]
[Date "2016.10.16"]
[Round "2.8"]
[White "Breier, Andreas"]
[Black "Andersen, Mads"]
[Result "0-1"]
[WhiteElo "2380"]
[BlackElo "2542"]
[PlyCount "40"]
[EventDate "2016.??.??"]

1. d4 d5 2. c4 c6 3. Nf3 Nf6 4. cxd5 cxd5 5. Nc3 Nc6 6. Bf4 Bf5 7. e3 e6 8. Bd3
Bxd3 9. Qxd3 Be7 10. O-O O-O 11. Ne5 Nxe5 12. Bxe5 Nd7 13. Bg3 Nb6 14. Qb5 Rc8
15. Rfc1 Rc4 16. Qb3 Qd7 17. Ne2 Rfc8 18. Qd1 Qb5 19. b3 R4c6 20. a4 Qxe2 0-1

[Event "BL 1617 SG Trier - USV TU Dresden"]
[Site "?"]
[Date "2016.10.16"]
[Round "2.1"]
[White "Almasi, Zoltan"]
[Black "Erdos, Viktor"]
[Result "1/2-1/2"]
[WhiteElo "2702"]
[BlackElo "2585"]
[PlyCount "92"]
[EventDate "2016.??.??"]

1. e4 c5 2. Nf3 Nc6 3. d4 cxd4 4. Nxd4 Qc7 5. Nc3 e6 6. Be2 a6 7. O-O Nf6 8.
Be3 Bb4 9. Na4 Be7 10. Nxc6 bxc6 11. Nb6 Rb8 12. Nxc8 Qxc8 13. Bd4 c5 14. Be5
Rb6 15. Bf3 O-O 16. a4 d6 17. Bc3 Nd7 18. Re1 Ne5 19. Be2 Bf6 20. a5 Rc6 21.
Rb1 Rd8 22. Bf1 Qc7 23. g3 d5 24. exd5 exd5 25. Bxe5 Bxe5 26. Qe2 Bd6 27. c4
Qxa5 28. Bg2 Bf8 29. Bxd5 Rf6 30. Qd3 Rb8 31. b3 g6 32. Re3 Kg7 33. Qc2 h5 34.
Qb2 Qc7 35. Rbe1 Rbb6 36. Re8 Qd6 37. Rc8 Kh7 38. Ree8 Bg7 39. Rcd8 Qc7 40. Qc3
Rbd6 41. Rc8 Qd7 42. Qe3 Rxf2 43. Qxf2 Bd4 44. Rh8+ Bxh8 45. Qxf7+ Qxf7 46.
Bxf7 Bd4+ 1/2-1/2

[Event "BL 1617 SG Trier - USV TU Dresden"]
[Site "?"]
[Date "2016.10.16"]
[Round "2.2"]
[White "Lupulescu, Constantin"]
[Black "Nisipeanu, Liviu-Dieter"]
[Result "1/2-1/2"]
[WhiteElo "2609"]
[BlackElo "2687"]
[PlyCount "60"]
[EventDate "2016.??.??"]

1. d4 Nf6 2. c4 e6 3. Nc3 Bb4 4. Qc2 d6 5. a3 Bxc3+ 6. Qxc3 Nbd7 7. Nf3 b6 8.
e3 Bb7 9. b3 c5 10. Be2 cxd4 11. Qxd4 Nc5 12. Qd1 O-O 13. Bb2 Qe7 14. b4 Nce4
15. O-O Rfd8 16. Rc1 e5 17. h3 a5 18. Ra1 Qe6 19. Bd3 axb4 20. axb4 Rxa1 21.
Bxa1 Ra8 22. Qc2 h6 23. Bb2 Rc8 24. Rc1 b5 25. Qe2 bxc4 26. Bxc4 Bd5 27. Bxd5
Rxc1+ 28. Bxc1 Qxd5 29. Qc2 Qb5 30. Bd2 Nxd2 1/2-1/2

[Event "BL 1617 SG Trier - USV TU Dresden"]
[Site "?"]
[Date "2016.10.16"]
[Round "2.3"]
[White "Bartel, Mateusz"]
[Black "Parligras, Mircea-Emilian"]
[Result "1/2-1/2"]
[WhiteElo "2641"]
[BlackElo "2607"]
[PlyCount "43"]
[EventDate "2016.??.??"]

1. e4 e5 2. Bc4 Nc6 3. d3 Nf6 4. a3 Bc5 5. Nc3 O-O 6. Bg5 h6 7. Bh4 Be7 8. Bxf6
Bxf6 9. Nd5 d6 10. Ne2 Be6 11. O-O Bg5 12. c3 Ne7 13. Qb3 Nxd5 14. Bxd5 Bxd5
15. exd5 Qd7 16. a4 c6 17. a5 cxd5 18. Qxd5 Qc6 19. Qb3 d5 20. Ra4 Rad8 21.
Rfa1 a6 22. Rb4 1/2-1/2

[Event "BL 1617 SG Trier - USV TU Dresden"]
[Site "?"]
[Date "2016.10.16"]
[Round "2.4"]
[White "Gledura, Benjamin"]
[Black "Socko, Bartosz"]
[Result "0-1"]
[WhiteElo "2585"]
[BlackElo "2604"]
[PlyCount "189"]
[EventDate "2016.??.??"]

1. Nf3 d5 2. g3 c6 3. Bg2 Bg4 4. O-O Nd7 5. c4 e6 6. d3 Ngf6 7. cxd5 exd5 8.
Nc3 Be7 9. Qc2 O-O 10. e4 dxe4 11. dxe4 Nc5 12. Ne5 Bh5 13. Be3 Nfd7 14. Nxd7
Qxd7 15. f3 f6 16. Rad1 Qc7 17. Qf2 b6 18. b4 Ne6 19. Rb1 Rad8 20. Rfc1 Qd7 21.
a4 Kh8 22. a5 bxa5 23. bxa5 Ba3 24. Re1 Qe7 25. Bf1 Bb4 26. Rec1 f5 27. f4 fxe4
28. Nxe4 Nxf4 29. gxf4 Qxe4 30. Bg2 Qe7 31. Rxc6 Rfe8 32. Bc5 Bxc5 33. Qxc5 Qe2
34. Qf2 Rd1+ 35. Rxd1 Qxd1+ 36. Qf1 Qd4+ 37. Kh1 Qd2 38. Rc1 Qxa5 39. f5 Qe5
40. Qa6 Qxf5 41. Qxa7 Bf3 42. Qf2 Bxg2+ 43. Qxg2 h6 44. Rf1 Qd3 45. Qf3 Qc2 46.
Rg1 Qb2 47. Qf7 Qe5 48. Qf3 Re6 49. Qg2 Rb6 50. Rf1 Rb2 51. Qg3 Qe2 52. Qh3 Rb8
53. Qf3 Qc2 54. Qf2 Qc4 55. Qf4 Qc6+ 56. Qf3 Qa6 57. Rg1 Qd6 58. Rf1 Re8 59.
Qf4 Qd5+ 60. Qf3 Qb5 61. Rg1 Qd7 62. Rf1 Re5 63. Qf2 Rg5 64. Qf8+ Kh7 65. Qf3
Re5 66. Rd1 Qa4 67. Rf1 Qc4 68. Rd1 Qa4 69. Rf1 Qc2 70. Qf2 Qg6 71. Qf7 Qd6 72.
Qf3 h5 73. Rd1 Qg6 74. Rg1 Qf6 75. Qxf6 gxf6 76. Rf1 Kg6 77. Kg2 Rg5+ 78. Kh3
f5 79. Ra1 Rg4 80. Ra6+ Kg5 81. Rg6+ Kf4 82. Rh6 Rg1 83. Rxh5 Rg8 84. Kh4 Ke4
85. Rh7 f4 86. Rf7 f3 87. Kh5 Ke3 88. h4 f2 89. Re7+ Kf3 90. Rf7+ Kg2 91. Kh6
Rg3 92. Rxf2+ Kxf2 93. h5 Kf3 94. Kh7 Kf4 95. h6 0-1

[Event "BL 1617 SG Trier - USV TU Dresden"]
[Site "?"]
[Date "2016.10.16"]
[Round "2.5"]
[White "Paehtz, Elisabeth"]
[Black "Bobras, Piotr"]
[Result "1/2-1/2"]
[WhiteElo "2459"]
[BlackElo "2524"]
[PlyCount "49"]
[EventDate "2016.??.??"]

1. e4 c5 2. Nc3 Nc6 3. Nf3 e5 4. Bc4 Be7 5. d3 Nf6 6. Nd2 d6 7. Nf1 Bg4 8. Qd2
Be6 9. Ne3 Nd7 10. Ned5 Nb6 11. Nxb6 axb6 12. O-O O-O 13. a4 Nb4 14. Qe2 Bf6
15. b3 Nc6 16. Be3 Nd4 17. Qd2 h6 18. Bxd4 cxd4 19. Nd5 Bg5 20. Qb4 Bxd5 21.
Bxd5 Qc7 22. g3 Ra5 23. Bc4 Rc5 24. Qe1 Kh8 25. Qe2 1/2-1/2

[Event "BL 1617 SG Trier - USV TU Dresden"]
[Site "?"]
[Date "2016.10.16"]
[Round "2.6"]
[White "Graf, Felix"]
[Black "Vogel, Roven"]
[Result "1/2-1/2"]
[WhiteElo "2474"]
[BlackElo "2415"]
[PlyCount "69"]
[EventDate "2016.??.??"]

1. d4 d5 2. Nf3 Nf6 3. Bf4 c5 4. e3 Nc6 5. dxc5 e6 6. a3 Bxc5 7. c4 O-O 8. Nc3
h6 9. b4 Be7 10. h3 Ne4 11. Nxe4 dxe4 12. Qxd8 Rxd8 13. Nd2 f5 14. Be2 Bf6 15.
O-O-O e5 16. Bh2 Be6 17. g4 g6 18. gxf5 gxf5 19. c5 Rd3 20. Bxd3 exd3 21. f3 a5
22. b5 Na7 23. b6 Nb5 24. Nb1 Rc8 25. Rxd3 Rxc5+ 26. Kd1 e4 27. fxe4 fxe4 28.
Rd2 Bb3+ 29. Ke2 Bc4+ 30. Kd1 Bb3+ 31. Ke2 Bc4+ 32. Kd1 Bd3 33. Rxd3 exd3 34.
Kd2 a4 35. Kxd3 1/2-1/2

[Event "BL 1617 SG Trier - USV TU Dresden"]
[Site "?"]
[Date "2016.10.16"]
[Round "2.7"]
[White "Moehn, Hans"]
[Black "Gonda, Laszlo"]
[Result "1/2-1/2"]
[WhiteElo "2386"]
[BlackElo "2490"]
[PlyCount "54"]
[EventDate "2016.??.??"]

1. Nf3 d5 2. g3 c6 3. Bg2 Nf6 4. O-O Bg4 5. c4 e6 6. d3 Nbd7 7. cxd5 exd5 8. h3
Bxf3 9. Bxf3 Bc5 10. e3 a5 11. a3 O-O 12. b3 Ne8 13. Bb2 Nc7 14. Qc2 Qe7 15.
Re1 Ne6 16. Nd2 Bd6 17. Bg2 Be5 18. Nf3 Bxb2 19. Qxb2 Ndc5 20. Rad1 Na6 21. Bf1
d4 22. Nxd4 Qf6 23. Qc3 Nxd4 24. exd4 Nc7 25. Re5 Nb5 26. Qa1 a4 27. b4 Rad8
1/2-1/2

[Event "BL 1617 SG Trier - USV TU Dresden"]
[Site "?"]
[Date "2016.10.16"]
[Round "2.8"]
[White "Galyas, Miklos"]
[Black "Hoffmann, Paul"]
[Result "1-0"]
[WhiteElo "2467"]
[BlackElo "2372"]
[PlyCount "53"]
[EventDate "2016.??.??"]

1. c4 Nf6 2. g3 e5 3. Bg2 c6 4. d4 Bb4+ 5. Bd2 Qb6 6. c5 Qa5 7. dxe5 Ng4 8. Nf3
Qxc5 9. O-O Bxd2 10. Nbxd2 O-O 11. Rc1 Qe7 12. Nc4 f6 13. exf6 Rxf6 14. h3 Nh6
15. e4 d6 16. e5 dxe5 17. Ncxe5 Be6 18. Re1 Qb4 19. Ng5 Bxa2 20. Qd3 g6 21.
Qd8+ Qf8 22. Qc7 Qg7 23. Qa5 Bb3 24. Qa3 Bd5 25. Bxd5+ cxd5 26. Rc8+ Rf8 27.
Ne6 1-0